| 000 | 00833nas a2200253 4500 | ||
|---|---|---|---|
| 001 | BR9200817 | ||
| 003 | BR-BrBNA | ||
| 005 | 20231205092317.0 | ||
| 007 | ta | ||
| 008 | 230509b bl.|||p| |||| 00| 00por d | ||
| 040 |
_aBR-BrBNA _bpor _cBiblioteca Nacional de Agricultura |
||
| 041 | _a(Pt) | ||
| 072 | _aF30 | ||
| 100 | 1 | _aCastellane, P.D. | |
| 100 | 1 | _aBraz, L.T. | |
| 245 | 1 | _aAvaliacao de cultivares de repolho nas condicoes de primavera, em Jaboticabal, Sao Paulo | |
| 246 | 1 | _aEvaluation of cabbage cvs. during the spring in Jaboticabal, Sao Paulo, Brazil | |
| 650 | _aREPOLHO | ||
| 650 | _aCOMPETICAO DE VARIEDADE | ||
| 650 | _aSAO PAULO | ||
| 773 | 0 |
_tHorticultura Brasileira (Brazil) _xISSN 0102-0536 _g(May 1991), v. 9(1) p. 13-14 _wBR9200817 |
|
| 909 |
_a202311 _bLúcia _c55 _dLúcia Elande |
||
| 942 |
_2AGRIS _n0 _cANA |
||
| 999 |
_c130845 _d130845 |
||